[Event "Carpuela CupT U20 6th"]
[Site "Carpuela"]
[Date "2015.06.03"]
[Round "4.3"]
[White "Escobar, Lauro"]
[Black "Morquecho, Kevin"]
[Result "1-0"]
[WhiteElo "1619"]
[BlackElo "1635"]
[PlyCount "29"]
[EventDate "2015.06.01"]
[EventType "team-swiss"]
[EventRounds "7"]
[EventCountry "ECU"]
[SourceTitle "CBM 166 Extra"]
[Source "ChessBase"]
[SourceDate "2015.06.18"]
[SourceVersion "1"]
[SourceVersionDate "2015.06.18"]
[SourceQuality "1"]
[WhiteTeam "Pichincha"]
[BlackTeam "Morona Santiago"]
[WhiteTeamCountry "ECU"]
[BlackTeamCountry "ECU"]

1. e4 c5 2. Nf3 d6 3. d4 cxd4 4. Nxd4 Nf6 5. Nc3 g6 6. Be3 Bg7 7. f3 Nc6 8. Qd2 Bd7 9. g4 h6 10. g5 Nh5 11. f4 Qc8 12. Nd5 e6 13. Nb5 0-0 14. Nxd6 Qb8 15. Nc3 1-0